Curso de Economía: elementos de Teoría Económica

Saved in:
Bibliografiske detaljer
Main Authors: Fredes, Carlos (Author), Pinto, Aníbal (Author)
Format: Bog
Sprog:spansk
Udgivet: Santiago Universitaria 1962
Udgivelse:1a. ed
Serier:Textos escolares modernos
Fag:
Tags: Tilføj Tag
Ingen Tags, Vær først til at tagge denne postø!

MARC

LEADER 00000nam a2200000 a 4500
001 UCH6508
003 CL-VaPUC
008 091109e19620000CL |||||||||||||||||spa|d
082 0 4 |a 330.1  |b FRE  |2 21 
100 0 |a Fredes, Carlos  |e author  |9 543053 
700 0 |a Pinto, Aníbal  |e author  |9 443893 
245 1 0 |a Curso de Economía: elementos de Teoría Económica 
250 |a 1a. ed 
300 |a 151 p 
942 |c BK 
945 |d 20091109 00:00:00  |a ccalabra 
260 |a Santiago  |b Universitaria  |c 1962 
650 0 |a Ciencias sociales   |9 256351 
650 0 |a Economía   |9 255568 
650 0 |a Economía política  |9 255814 
650 0 |a Factores de producción   |9 365052 
650 0 |a Desarrollo económico  |9 259599 
650 7 |a COMERCIO INTERNACIONAL  |2 CL-VaPUC  |9 543054 
650 0 |a Microeconomía  |9 258126 
650 0 |a Macroeconomía   |9 260301 
650 0 |a Educación  |9 258661 
583 |a last modification  |c 20091109 00:00:00  |k Rodrigo Vera 
490 0 |a Textos escolares modernos 
999 |c 337385  |d 337383